Previews and premises (Record no. 216344)
[ view plain ]
| 000 -LEADER | |
|---|---|
| fixed length control field | 00749nam a22002417a 4500 |
| 005 - DATE AND TIME OF LATEST TRANSACTION | |
| control field | 20210922102016.0 |
| 008 - FIXED-LENGTH DATA ELEMENTS--GENERAL INFORMATION | |
| fixed length control field | 210922b ||||| |||| 00| 0 eng d |
| 020 ## - INTERNATIONAL STANDARD BOOK NUMBER | |
| International Standard Book Number | 0330284215 |
| 040 ## - CATALOGING SOURCE | |
| Transcribing agency | AL |
| 041 ## - LANGUAGE CODE | |
| Language code of text/sound track or separate title | eng |
| 082 ## - DEWEY DECIMAL CLASSIFICATION NUMBER | |
| Edition number | 23 |
| Classification number | 306.0973 |
| Item number | TOFP |
| 100 ## - MAIN ENTRY--PERSONAL NAME | |
| Personal name | Alvin Toffler |
| 9 (RLIN) | 196 |
| 245 ## - TITLE STATEMENT | |
| Title | Previews and premises |
| 260 ## - PUBLICATION, DISTRIBUTION, ETC. | |
| Place of publication, distribution, etc. | London |
| Name of publisher, distributor, etc. | Pan Books |
| Date of publication, distribution, etc. | 1984 |
| 300 ## - PHYSICAL DESCRIPTION | |
| Extent | x,230 |
| Other physical details | PB |
| Dimensions | 20*13 cm. |
| 365 ## - TRADE PRICE | |
| Price type code | Pound |
| Price amount | 2.95 |
| Price effective from | 2013/03/24 |
| 500 ## - GENERAL NOTE | |
| General note | Sociology |
| 520 ## - SUMMARY, ETC. | |
| Summary, etc. | A highly personal look at jobs, identity, sex roles, information age politics, hidden forces driving the economy, and the pitfalls and promises of social change. |
| 650 ## - SUBJECT ADDED ENTRY--TOPICAL TERM | |
| Source of heading or term | Capitalism |
| 650 ## - SUBJECT ADDED ENTRY--TOPICAL TERM | |
| Source of heading or term | Socialism |
| 700 ## - ADDED ENTRY--PERSONAL NAME | |
| Personal name | TOFFLER (Alvin) |
| 9 (RLIN) | 197 |
| 942 ## - ADDED ENTRY ELEMENTS (KOHA) | |
| Source of classification or shelving scheme | Dewey Decimal Classification |
| Koha item type | George Fernandes Collections |
| Withdrawn status | Lost status | Source of classification or shelving scheme | Damaged status | Not for loan | Collection code | Home library | Current library | Date acquired | Total Checkouts | Full call number | Barcode | Date last seen | Price effective from | Koha item type |
|---|---|---|---|---|---|---|---|---|---|---|---|---|---|---|
| Dewey Decimal Classification | Sociology | St Aloysius Library | St Aloysius Library | 03/24/2013 | 306.0973 TOFP | GF01614 | 09/22/2021 | 03/24/2013 | George Fernandes Collections |